Programación Fortran IV / (Record no. 95882)

MARC details
000 -LEADER
campo de control de longitud fija 00583nam a2200181 i 4500
001 - NÚMERO DE CONTROL
campo de control 95882
003 - IDENTIFICADOR DE NÚMERO DE CONTROL
campo de control ES-MaACL
007 - CAMPO FIJO DE DESCRIPCIÓN FÍSICA--INFORMACIÓN GENERAL
campo de control de longitud fija t|
008 - DATOS DE LONGITUD FIJA--INFORMACIÓN GENERAL
campo de control de longitud fija 050607s1973 mx ||||1| spa d
100 1# - ENTRADA PRINCIPAL--NOMBRE DE PERSONA
Nombre de persona MacCracken, Daniel D.
9 (RLIN) 75091
245 10 - MENCIÓN DEL TÍTULO
Título Programación Fortran IV /
Mención de responsabilidad, etc. Daniel D. MacCracken; [versión Rodolfo Luthe García; revisión Mario del Valle].
250 ## - MENCION DE EDICION
Mención de edición [1ª ed.], 9ª reimp.
260 ## - PUBLICACIÓN, DISTRIBUCIÓN, ETC.
Lugar de publicación, distribución, etc. México :
Nombre del editor, distribuidor, etc. Limusa,
Fecha de publicación, distribución, etc. 1973.
300 ## - DESCRIPCIÓN FÍSICA
Extensión 165 p. ;
Dimensiones 27 cm.
700 1# - ENTRADA AGREGADA--NOMBRE PERSONAL
Nombre de persona Luthe García, Rodolfo.
9 (RLIN) 74869
700 1# - ENTRADA AGREGADA--NOMBRE PERSONAL
Nombre de persona Valle, Mario del.
9 (RLIN) 112773
852 ## - LOCALIZACIÓN
Ubicación ES-MaACL
Número de control de estantería E-6449
Sublocalización o colección R.91130
Holdings
Estatus retirado Estado de pérdida Estado de daño No para préstamo Biblioteca de origen Biblioteca actual Ubicación en estantería Fecha de adquisición Fuente de adquisición Total de préstamos Signatura topográfica completa Código de barras Visto por última vez Precio de reemplazo Tipo de ítem Koha
        Biblioteca del Ateneo de Madrid Biblioteca del Ateneo de Madrid Depósito 2 17/01/2008     E-6449 1100115 23/02/2023 23/02/2023 Libro impreso